Las portadas de Angel Jové /

Se reproducen aquí una selección de las portadas que el artista plástico Angel Jové ha diseñado para la editorial Anagrama. El libro abre con textos de varios intelectuales españoles sobre el lugar de Jové en el mundo artístico español.

Uloženo v:
Podrobná bibliografie
Hlavní autor: Jové, Angel (autor)
Médium: Kniha
Jazyk:španělština
Vydáno: Barcelona, España : Anagrama, 1999, c1999
Edice:(Biblioteca de la Memoria ; 19)
Témata:
Tagy: Přidat tag
Žádné tagy, Buďte první, kdo vytvoří štítek k tomuto záznamu!

MARC

LEADER 00000nam^a2200000^a^4500
001 000108909
005 20250521000000.0
009 20260310093704.331
020 |a 84-339-0784-0 
037 |a Acervo ITESO - Biblioteca 
041 |a ESP 
082 |a 759. 6  |b JOV 
100 |a Jové, Angel  |e (autor) 
245 1 4 |a Las portadas de Angel Jové /  |c A. Jové. 
264 4 |a Barcelona, España :  |b Anagrama,  |c 1999, c1999 
300 |a 125 p. 
336 |a texto  |b txt  |2 rdacontenido 
337 |a sin mediación  |b n  |2 rdamedio 
338 |a volumen  |b nc  |2 rdasoporte 
440 1 |a (Biblioteca de la Memoria ;  |v 19) 
520 |a Se reproducen aquí una selección de las portadas que el artista plástico Angel Jové ha diseñado para la editorial Anagrama. El libro abre con textos de varios intelectuales españoles sobre el lugar de Jové en el mundo artístico español. 
649 |a XX 
650 |a Pintores Españoles 
650 |a Pintura Española -  |y Siglo XX 
650 |a Arte Español -  |y Siglo XX 
650 |a Diseño Editorial -  |z España 
650 |a Jové, Angel 
910 |a Fondo General 
920 |a Impresos - Libros 
930 |a Reserva Especial 
905 |a 103 
901 |a 0500045108  |b IT1  |c REE  |u 20250521 
902 |a https://opac.biblio.iteso.mx/vufind/Record/000108909